| 000 | 01430nam a22002057a 4500 | ||
|---|---|---|---|
| 999 |
_c58195 _d58195 |
||
| 003 | Ge_BSU | ||
| 005 | 20210910121052.0 | ||
| 008 | 210910b xxu||||| |||| 00| 0 geo d | ||
| 020 | _a9789941263392 | ||
| 041 | _ageo | ||
| 080 | _a821.112.2.03=353.1 ლ-42 | ||
| 100 |
_aლენაუ, ნიკოლაუს _912442 |
||
| 245 |
_aშორეთი = Die Ferne _bლექსები / _c ნიკოლაუს ლენაუ ; გერმანულიდან თარგმნა დათო ბარბაქაძემ. |
||
| 264 |
_aთბილისი : _bუნივერსალი, _c2018. |
||
| 300 |
_a103 გვ. : _bილ. ; _c21 სმ. |
||
| 500 | _aგარეკანი და ტექსტი ქართულ და გერმანულ ენებზე. ყდაზე და სუპერზე: კარლ ფრიდრიხ ლესინგი (1808-1880), ლანდშაფტი, 1841. წიგნში წარმოდგენილი ნიკოლაუს ლენაუს პორტრეტის ავტორია ფრიდრიხ ფონ ამელინგი (1803-1878). | ||
| 653 | _aგერმანული პოეზია | ||
| 700 |
_aბარბაქაძე, დათო _eმთარგმნელი, წინასიტყვაობის ავტორი. _95805 |
||
| 942 |
_2udc _cBK |
||